000 00467nam a2200181Ia 4500
003 LK-CoDNM
008 010623t2003 xxu||||| |||| 00| 1 sin d
040 _aLK-CoDNM
_dLK-CoDNM
_eLK-CoDNM
041 _asin
080 _a001
_bPAT
100 _aPathirana,Edvin
245 _aරන්වන් කියමන්
246 _aRanwan Kiyaman
260 _bMalpiyali
_aDankotuwa
_c2003
300 _b196p.;20.5 cm cm
650 _aGeneral Knowledge
942 _cBK
999 _c123130
_d123130